An anthology of Hebrew essays, (Record no. 31915)
[ view plain ]
| 000 -LEADER | |
|---|---|
| fixed length control field | 00704cam a22002171 4500 |
| 001 - CONTROL NUMBER | |
| control field | he 66001488 |
| 003 - CONTROL NUMBER IDENTIFIER | |
| control field | DLC |
| 005 - DATE AND TIME OF LATEST TRANSACTION | |
| control field | 20260227111441.0 |
| 008 - FIXED-LENGTH DATA ELEMENTS--GENERAL INFORMATION | |
| fixed length control field | 740722s1966 is 000 0 eng |
| 010 ## - LIBRARY OF CONGRESS CONTROL NUMBER | |
| LC control number | he 66001488 |
| 035 ## - SYSTEM CONTROL NUMBER | |
| System control number | (OCoLC)958878 |
| 040 ## - CATALOGING SOURCE | |
| Original cataloging agency | DLC |
| Transcribing agency | OU |
| Modifying agency | OCoLC |
| -- | DLC |
| 050 00 - LIBRARY OF CONGRESS CALL NUMBER | |
| Classification number | PJ5059.E8 |
| Item number | C6 |
| 082 ## - DEWEY DECIMAL CLASSIFICATION NUMBER | |
| Classification number | 892.408 |
| 100 1# - MAIN ENTRY--PERSONAL NAME | |
| Personal name | Cohen, Israel, |
| Dates associated with a name | 1905-1986, |
| Relator term | ed. |
| 245 13 - TITLE STATEMENT | |
| Title | An anthology of Hebrew essays, |
| Statement of responsibility, etc. | selected by Israel Cohen and B. Y. Michali. |
| 260 ## - PUBLICATION, DISTRIBUTION, ETC. | |
| Place of publication, distribution, etc. | Tel Aviv, |
| Name of publisher, distributor, etc. | Institute for the Translation of Hebrew Literature, |
| Date of publication, distribution, etc. | 1966. |
| 300 ## - PHYSICAL DESCRIPTION | |
| Extent | 2 v. (486 p.) |
| Dimensions | 24 cm. |
| 650 #0 - SUBJECT ADDED ENTRY--TOPICAL TERM | |
| Topical term or geographic name entry element | Hebrew essays |
| Form subdivision | Translations into English. |
| 700 1# - ADDED ENTRY--PERSONAL NAME | |
| Personal name | Michaly, B. I., |
| Dates associated with a name | 1910-1989, |
| Relator term | joint ed. |
No items available.